| 000 | 00449nam a2200181Ia 4500 | ||
|---|---|---|---|
| 001 | 19640 | ||
| 005 | 20260306172708.0 | ||
| 008 | 260306t2004||||xx |||||||||||||| ||spa|| | ||
| 041 | _aESP | ||
| 082 |
_a340.7 _bS741 |
||
| 100 |
_aShavell, Steven _eAUT |
||
| 245 | 0 | _aFundamentos del análisis económico del derecho | |
| 260 | _c2004 | ||
| 300 |
_axviii, 802 páginas : _c24 cm. |
||
| 650 | _aGEN | ||
| 654 | _aCDE | ||
| 942 |
_cLIB _dJUS _fJUS _2ddc _n |
||
| 999 |
_c19640 _d19640 |
||